Top Circulated Magazines (US) Quiz Stats

 Plays Quiz Updated Nov 24, 2018

Support Sporcle.
Go Orange.
Score 0/26 Timer 07:00
1 Play Today
Circulation Magazine % Correct
3,032,581Time
89.9%
3,418,555People
76.5%
3,057,042Sports Illustrated
62.1%
3,011,848Cosmopolitan
55.7%
2,398,130O: The Oprah Magazine
54.1%
3,147,721National Geographic
40.3%
3,024,031Reader's Digest
40.2%
2,507,318Maxim
29.5%
2,221,487Redbook
22.5%
4,315,026Good Housekeeping
21.3%
2,297,755Glamour
18.1%
7,645,364Better Homes and Gardens
17.7%
23,144,225AARP Magazine
10.4%
Circulation Magazine % Correct
2,521,203Shape
8.7%
2,828,450Southern Living
8.3%
3,232,354Ladies Home Journal
8.3%
3,275,962Woman's Day
8.3%
2,223,090Parents
8.3%
4,056,156Family Circle
7.4%
2,874,117Prevention
3.5%
6,353,075Game Informer
3.1%
4,898,168AAA Living
2.8%
2,303,613American Legion
2%
2,550,765Taste of Home
1.6%
22,700,945AARP Bulletin
1.4%
8,740,785Costco Connection
0.2%

From the Vault

'D' Antonyms

by RobPro

You can play this one from dusk till...um, shortly after dusk.
Remove Ads.
Support Sporcle.
Get the best of Sporcle when you Go Orange. This ad-free experience offers more features, more stats, and more fun while also helping to support Sporcle. Thank you for becoming a member.

Show Comments

Extras

Top Quizzes Today


Score Distribution

Your Account Isn't Verified!

In order to create a playlist on Sporcle, you need to verify the email address you used during registration. Go to your Sporcle Settings to finish the process.

Report this User

Report this user for behavior that violates our Community Guidelines.

Details: